AACN essentials of critical care nursing / (Record no. 19201)
[ view plain ]
| 000 -LEADER | |
|---|---|
| fixed length control field | 00945nam a22002655a 4500 |
| 005 - DATE AND TIME OF LATEST TRANSACTION | |
| control field | 20160223121601.0 |
| 008 - FIXED-LENGTH DATA ELEMENTS--GENERAL INFORMATION | |
| fixed length control field | 150420t2014 nyua frb 001 0 eng d |
| 020 ## - INTERNATIONAL STANDARD BOOK NUMBER | |
| International Standard Book Number | 9781259252891 |
| 020 ## - INTERNATIONAL STANDARD BOOK NUMBER | |
| International Standard Book Number | 1259252892 |
| 040 ## - CATALOGING SOURCE | |
| Original cataloging agency | EG-ScBUE |
| Language of cataloging | eng |
| Transcribing agency | EG-ScBUE |
| 082 04 - DEWEY DECIMAL CLASSIFICATION NUMBER | |
| Edition number | 22 |
| Classification number | 616.028 |
| Item number | AAC |
| 245 00 - TITLE STATEMENT | |
| Title | AACN essentials of critical care nursing / |
| Statement of responsibility, etc | [edited by] Suzanne M. Burns. |
| 250 ## - EDITION STATEMENT | |
| Edition statement | 3rd ed., International ed. |
| 260 ## - PUBLICATION, DISTRIBUTION, ETC. (IMPRINT) | |
| Place of publication, distribution, etc | New York : |
| Name of publisher, distributor, etc | McGraw Hill Education / Medical, |
| Date of publication, distribution, etc | c.2014. |
| 300 ## - PHYSICAL DESCRIPTION | |
| Extent | xxii, 601 p. : |
| Other physical details | ill. ; |
| Dimensions | 28 cm. |
| 500 ## - GENERAL NOTE | |
| General note | Index : p. 581-601. |
| 504 ## - BIBLIOGRAPHY, ETC. NOTE | |
| Bibliography, etc | Includes bibliographical references. |
| 650 #7 - SUBJECT ADDED ENTRY--TOPICAL TERM | |
| Topical term or geographic name as entry element | Intensive care nursing |
| General subdivision | Outlines, syllabi, etc. |
| Source of heading or term | BUEsh |
| 9 (RLIN) | 37663 |
| 650 #7 - SUBJECT ADDED ENTRY--TOPICAL TERM | |
| Topical term or geographic name as entry element | Critical care medicine. |
| Source of heading or term | BUEsh |
| 9 (RLIN) | 27306 |
| 651 ## - SUBJECT ADDED ENTRY--GEOGRAPHIC NAME | |
| Source of heading or term | BUEsh |
| 653 ## - INDEX TERM--UNCONTROLLED | |
| Resource For college | Nursing |
| Arrived date list | April2015 |
| -- | February2016 |
| 700 1# - ADDED ENTRY--PERSONAL NAME | |
| Personal name | Burns, Suzanne M. |
| 9 (RLIN) | 37662 |
| Relator term | editor. |
| 710 2# - ADDED ENTRY--CORPORATE NAME | |
| Corporate name or jurisdiction name as entry element | American Association of Critical-Care Nurses. |
| 9 (RLIN) | 37696 |
| 942 ## - ADDED ENTRY ELEMENTS (KOHA) | |
| Source of classification or shelving scheme | Dewey Decimal Classification |
| Withdrawn status | Item status | Source of classification or shelving scheme | Damaged status | Not for loan | Vendor | Home library | Current library | Shelving location | Date acquired | Source of acquisition | Cost, normal purchase price | Serial Enumeration / chronology | Total Checkouts | Total Renewals | Full call number | Barcode | Date last seen | Date last borrowed | Cost, replacement price | Koha item type |
|---|---|---|---|---|---|---|---|---|---|---|---|---|---|---|---|---|---|---|---|---|
| Dewey Decimal Classification | ايمك | Central Library | Central Library | First floor | 20/04/2015 | 331.00 | 2446 | 1 | 5 | 616.028 AAC | 000038025 | 15/07/2025 | 22/10/2023 | 413.75 | Book - Borrowing | |||||
| Dewey Decimal Classification | ايمك | Central Library | Central Library | First floor | 22/04/2015 | 331.00 | 2446 | 4 | 26 | 616.028 AAC | 000038072 | 15/07/2025 | 22/10/2023 | 413.75 | Book - Borrowing | |||||
| Dewey Decimal Classification | Academic Bookshop | Central Library | Central Library | First floor | 23/02/2016 | Purchase | 425.00 | 4862 | 3 | 17 | 616.028 AAC | 000031677 | 15/07/2025 | 25/12/2019 | 531.25 | Book - Borrowing | ||||
| Dewey Decimal Classification | Academic Bookshop | Central Library | Central Library | First floor | 23/02/2016 | Purchase | 425.00 | 4862 | 4 | 16 | 616.028 AAC | 000031678 | 15/07/2025 | 29/06/2022 | 531.25 | Book - Borrowing |